| 000 -LEADER |
| fixed length control field |
00755nam a2200241Ia 4500 |
| 001 - CONTROL NUMBER |
| control field |
941 |
| 003 - CONTROL NUMBER IDENTIFIER |
| control field |
GE_BSU |
| 008 - FIXED-LENGTH DATA ELEMENTS--GENERAL INFORMATION |
| fixed length control field |
181216s||||||||xx |||||||||||||| ||und|| |
| 020 ## - INTERNATIONAL STANDARD BOOK NUMBER |
| International Standard Book Number |
9785769534812 |
| 040 ## - CATALOGING SOURCE |
| Transcribing agency |
GE_BSU |
| 080 ## - UNIVERSAL DECIMAL CLASSIFICATION NUMBER |
| Universal Decimal Classification number |
547(075.8) |
| 100 ## - MAIN ENTRY--PERSONAL NAME |
| Personal name |
Иванов,В.Г.; Гева,О.Ч;Гаверова,Ю,Г; |
| 245 ## - TITLE STATEMENT |
| Title |
Сборник Задач и упражнений по органической химии. |
| 245 ## - TITLE STATEMENT |
| Remainder of title |
Учеб. пособ.для студ. вузов.по спец.,,Биология |
| 260 ## - PUBLICATION, DISTRIBUTION, ETC. |
| Place of publication, distribution, etc. |
Москва |
| 260 ## - PUBLICATION, DISTRIBUTION, ETC. |
| Name of publisher, distributor, etc. |
Центр ,,Академия". |
| 260 ## - PUBLICATION, DISTRIBUTION, ETC. |
| Date of publication, distribution, etc. |
2007 |
| 300 ## - PHYSICAL DESCRIPTION |
| Extent |
320 с. |
| 653 ## - INDEX TERM--UNCONTROLLED |
| Uncontrolled term |
Химия |
| 653 ## - INDEX TERM--UNCONTROLLED |
| Uncontrolled term |
ორგანული ქიმია |
| 942 ## - ADDED ENTRY ELEMENTS (KOHA) |
| Koha item type |
წიგნი |